000 00456nam a2200193Ia 4500
008 240509s9999 xx 000 0 und d
020 _a071313481X
041 _aEng
082 _a005.74
082 _bH58
100 _aHOWE, D.R.
245 0 _aData Analysis for Database Design
260 _bEdward Arnold (Publisher) Ltd.
260 _c1983
300 _a307 p.
650 _adatabase management data analysis
942 _2ddc
942 _cLBK
999 _c22219
_d22219
945 _a1
_bMadushi Gamage
_c1
_dMadushi Gamage